00976cam a2200277 a 4500999001500000001000700015003000600022005001700028008004100045029002100086035002300107040002300130049002000153082001600173090002100189092001600210100004100226245008000267260007600347300002000423440003000443504004100473630004300514942001500557952012600572 c5955d5955120331GBCCL20241126110553.0800311s1979 cau b 000 0 eng d1 aNLGGCb189886870 a(OCoLC)ocm06068413 aIFBcIFBdSDNdLBB aLBBKaLBBCc1-2 a220.13bBOI aBS480b.B55 1979 a220.1bB67d1 aBoice, James Montgomeryd1938-9942010aDoes inerrancy matter? /cJames Montgomery Boice ; foreword by J.I. Packer. aOakland, Calif. :bInternational Council on Biblical Inerrancy,cc1979. a28 p. ;c22 cm. aICBI foundationv1910767 aIncludes bibliographical references.00aBiblexEvidences, authority, etc.9351 2ddccBK01 00102ddc4070aGBCbGBCcBSd2018-04-18l4m1o220.13 BOIp003633r2025-08-26 14:47:22s2025-08-19tc.1w2018-04-18yBK